00385nam a2200145Ia 4500008004100000020001800041041000800059082001900067100004300086245002000129250000600149260005300155300001200208650001900220210716s2010 xx 000 0 und d a9788123918280 aeng a574.80285 CURB aCurran, B G; Walker, R J; Bhatia, S C. aBioinformatics. a1 aNew DelhibCBS Publishers and Distributorsc2010 axxi,547 aBioinformatics